A history of Japan
Offering a compelling introduction to Japan's rich culture and fascinating history for travelers, businesspeople, and students, this guide discusses the influence of China; the impact of feudalism, modernization, and imperialism; Japanese history of war and peace; and today's economy and u...
Αποθηκεύτηκε σε:
| Κύριος συγγραφέας: | |
|---|---|
| Μορφή: | Βιβλίο |
| Γλώσσα: | Undetermined |
| Έκδοση: |
1972
|
| Ετικέτες: |
Προσθήκη ετικέτας
Δεν υπάρχουν, Καταχωρήστε ετικέτα πρώτοι!
|
| Thư viện lưu trữ: | Trung tâm Học liệu Trường Đại học Cần Thơ |
|---|
| LEADER | 00821nam a2200157Ia 4500 | ||
|---|---|---|---|
| 001 | CTU_113464 | ||
| 008 | 210402s9999 xx 000 0 und d | ||
| 082 | |a 952 | ||
| 082 | |b M398 | ||
| 100 | |a Mason, R. H. P. | ||
| 245 | 2 | |a A history of Japan | |
| 245 | 0 | |c R. H.P. Mason | |
| 260 | |c 1972 | ||
| 520 | |a Offering a compelling introduction to Japan's rich culture and fascinating history for travelers, businesspeople, and students, this guide discusses the influence of China; the impact of feudalism, modernization, and imperialism; Japanese history of war and peace; and today's economy and uncertainty. Traced are the threads of history, environment, and culture that run through the centuries to explain much about the Japan of today. | ||
| 904 | |i Tuyến | ||
| 980 | |a Trung tâm Học liệu Trường Đại học Cần Thơ | ||